000 00533nam a2200157 a 4500
001 000029580
005 20200930055643.0
008 110419s1972 dr 000 0 spa d
040 _aDO-SdBNP
_bspa
_cBNPHU
082 _axxx
_bS446a
110 1 _aSecretaría de Estado y Educación, Bellas Artes y Cultos.
_bDirección General de Educación Física.
_956410
245 1 0 _aAptitud física para adultos :
_bprograma para el hombre/.
260 _aSanto Domingo :
_bLa Famosa,
_c1972.
300 _a40 p. :
_bil. ;
_c22 cm.
049 _aBNPD
999 _c29072
_d29072